| 000 | 03241 a2200517 4500 | ||
|---|---|---|---|
| 003 | Nust | ||
| 005 | 20170207165830.0 | ||
| 020 | _a9781402096631 | ||
| 024 | 7 | _a10.1007/978-1-4020-9663-1 | |
| 035 | _a(EBZ)ebs481977e | ||
| 035 | _a(WaSeSS)ssj0000127304 | ||
| 035 | _a(WaSeSS)ssj0000127304 | ||
| 035 | _a(WaSeSS)ssj0000127304 | ||
| 040 | _cNust | ||
| 082 | _a303.483 | ||
| 100 | 1 | _aLane, David. | |
| 245 | 1 | 0 |
_aComplexity Perspectives in Innovation and Social Change (E-Book) _h[Elektronisk resurs] _cedited by David Lane, Denise Pumain, Sander Ernst Leeuw, Geoffrey West. |
| 260 |
_aDordrecht : _bSpringer Netherlands, _c2009. |
||
| 490 | 0 |
_aMethodos Series, Methodological Prospects in the Social Sciences ; _v7 |
|
| 505 | _aPart I From Biology to Society,Part II Innovation and Urban Systems,Part III Innovation and Market Systems,Part IV Modeling Innovation and Social Change | ||
| 650 | 0 | _aArchaeology. | |
| 650 | 0 | _aArchaeology. | |
| 650 | 0 | _aCartography. | |
| 650 | 0 | _aQuantitative Geography. | |
| 650 | 0 | _aRegional economics. | |
| 650 | 0 | _aRegional/Spatial Science. | |
| 650 | 0 | _aSocial Sciences, general. | |
| 650 | 0 | _aSocial Sciences, general. | |
| 650 | 0 | _aSocial sciences. | |
| 650 | 0 | _aSociology. | |
| 650 | 0 | _aSociology. | |
| 700 | 1 | _aLeeuw, Sander Ernst. | |
| 700 | 1 | _aPumain, Denise. | |
| 700 | 1 | _aWest, Geoffrey. | |
| 710 | 2 | _aSpringerLink (Online service) | |
| 830 | 0 | _aMethodos Series, Methodological Prospects in the Social Sciences ; | |
| 856 | 4 | 2 | _uhttp://costello.pub.hb.se/login?url=http://link.springer.com/openurl?genre=book&isbn=978-1-4020-9662-4 |
| 856 | 4 | 2 | _uhttp://dx.doi.org/10.1007/978-1-4020-9663-1 |
| 856 | 4 | 2 | _uhttp://ezproxy.its.uu.se/login?url=http://link.springer.com/openurl?genre=book&isbn=978-1-4020-9662-4 |
| 856 | 4 | 2 | _uhttp://link.sub.su.se/sfxsub?url_ver=Z39.88-2004&ctx_ver=Z39.88-2004&ctx_enc=info:ofi/enc:UTF-8&rfr_id=info:sid/sfxit.com:opac_856&url_ctx_fmt=info:ofi/fmt:kev:mtx:ctx&sfx.ignore_date_threshold=1&rft.object_id=1000000000714920&svc_val_fmt=info:ofi/fmt:kev:mtx:sch_svc& |
| 856 | 4 | 2 | _uhttp://proxy.lib.chalmers.se/login?url=http://www.dawsonera.com/depp/reader/protected/external/AbstractView/S9781402096631 |
| 856 | 4 | 2 | _uhttp://proxy.lib.ltu.se/login?url=http://link.springer.com/openurl?genre=book&isbn=978-1-4020-9662-4 |
| 856 | 4 | 2 | _uhttp://sfxeu05.hosted.exlibrisgroup.com/46LUB?url_ver=Z39.88-2004&ctx_ver=Z39.88-2004&ctx_enc=info:ofi/enc:UTF-8&rfr_id=info:sid/sfxit.com:opac_856&url_ctx_fmt=info:ofi/fmt:kev:mtx:ctx&sfx.ignore_date_threshold=1&rft.object_id=1000000000714920&svc_val_fmt=info:ofi/fmt:kev:mtx:sch_svc& |
| 856 | 4 | 2 | _uhttp://sfxeu10.hosted.exlibrisgroup.com/sfxkth?url_ver=Z39.88-2004&ctx_ver=Z39.88-2004&ctx_enc=info:ofi/enc:UTF-8&rfr_id=info:sid/sfxit.com:opac_856&url_ctx_fmt=info:ofi/fmt:kev:mtx:ctx&sfx.ignore_date_threshold=1&rft.object_id=1000000000714920&svc_val_fmt=info:ofi/fmt:kev:mtx:sch_svc& |
| 856 | 4 | 2 | _uhttp://sfxeu11.hosted.exlibrisgroup.com/sfxgub?url_ver=Z39.88-2004&ctx_ver=Z39.88-2004&ctx_enc=info:ofi/enc:UTF-8&rfr_id=info:sid/sfxit.com:opac_856&url_ctx_fmt=info:ofi/fmt:kev:mtx:ctx&sfx.ignore_date_threshold=1&rft.object_id=1000000000714920&svc_val_fmt=info:ofi/fmt:kev:mtx:sch_svc& |
| 942 |
_2ddc _cBK |
||
| 999 |
_c213269 _d213269 |
||